000 01217nam a22003497a 4500
003 CHAP
005 20220329140920.0
008 971013s1996 r 00010 d
010 _a59758
011 _a60730
035 _a64892
040 _cCHAP
090 _aTesis
100 0 0 _aCruz Huerta, Nicacio.
_929449
245 _aEvaluación de cuatro anchos de espaldera en ciruelo japonés (Prunus salicina Lindl.) "Metheley" en Tetela de Ocampo, Puebla
260 _aChapingo, Méx. :
_bEl autor,
_c1996
300 _a85 h.
502 _aTesis (Ing. Agr. Esp. en Fitotecnia) -- UACH. Departamento de Fitotecnia
590 _aALEPH
_b10
_c20130110
_lUCH01
_h1338
590 _aBATCH-UPD
_b10
_c20130110
_lUCH01
_h0813
590 _aBATCH-UPD
_b10
_c20130410
_lUCH01
_h0450
590 _aBATCH-UPD
_b10
_c20130914
_lUCH01
_h0941
590 _aCONVERSION
_b10
_c20130109
_lUCH01
_h1332
650 1 4 _aArboles frutales
_xCrecimiento.
_96670
650 1 4 _aCiruela
_xHíbridos.
_923413
650 1 4 _aCiruela
_xPuebla.
_923424
650 1 4 _aCiruela
_xRendimiento.
_923425
901 _aBK
942 _cFOLL
949 _bBC
_cTES
_d-142951
_eTS1
_h28779
_i64892
_si
949 _bBC
_cTES
_d33724000078531
_eTS2
_fc.2
_h28780
_i64892
_si
999 _c59758
_d59758